La tercera edad

Na minha lista:
Detalhes bibliográficos
Autor principal: Miguel y Miguel, Amalia de (autora)
Formato: Livro
Idioma:espanhol
Publicado em: Madrid Biblioteca de Autores Cristianos 1979
Colecção:Cuadernos Bac, 27
Assuntos:
Tags: Adicionar Tag
Sem tags, seja o primeiro a adicionar uma tag!

MARC

LEADER 00000nam a2200000 a 4500
001 UCW4275
003 CL-VaPUC
008 891128e19790000SP |||||||||||||||||spa|d
082 0 4 |a 362.6  |b MIG  |2 21 
100 |a Miguel y Miguel, Amalia de  |e autora  |9 308921 
245 1 3 |a La tercera edad 
300 |a 30 p 
942 |c BK 
945 |d 19891128 00:00:00 
260 |a Madrid  |b Biblioteca de Autores Cristianos  |c 1979 
650 0 |a Tercera edad   |9 307285 
583 |a last modification  |c 19891128 00:00:00  |k Rodrigo Vera 
490 0 |a Cuadernos Bac, 27 
999 |c 218047  |d 218045 
952 |0 0  |1 0  |4 0  |6 362_600000000000000_MIG_1979  |7 0  |8 A  |9 206890  |a BIBEDU  |b BIBEDU  |d 2019-11-15  |i 2746999  |o 362.6 MIG 1979  |p 2746999  |r 2019-11-15  |w 2019-11-15  |y BK  |k EDU